Statistics for Counties of U.S. State Capitals

Click here to take the quiz!

General Stats

  • This quiz has been taken 35 times
  • The average score is 22 of 47

Answer Stats

StateCountyCapital% Correct
CaliforniaSacramentoSacramento
89%
ColoradoDenverDenver
81%
HawaiiHonoluluHonolulu
81%
ConnecticutHartfordHartford
78%
UtahSalt LakeSalt Lake City
78%
GeorgiaFultonAtlanta
70%
ArizonaMaricopaPhoenix
70%
AlabamaMontgomeryMontgomery
70%
New MexicoSanta FeSanta Fe
70%
New YorkAlbanyAlbany
67%
Rhode IslandProvidenceProvidence
67%
VermontWashingtonMontpelier
63%
IdahoAdaBoise
59%
KentuckyFranklinFrankfort
59%
OhioFranklinColumbus
59%
OklahomaOklahomaOklahoma City
59%
LouisianaEast Baton RougeBaton Rouge
56%
DelawareKentDover
52%
IndianaMarionIndianapolis
52%
OregonMarionSalem
52%
TennesseeDavidsonNashville
48%
TexasTravisAustin
44%
IowaPolkDes Moines
41%
MarylandAnne ArundelAnnapolis
37%
WisconsinDaneMadison
37%
FloridaLeonTallahassee
37%
MinnesotaRamseySaint Paul
37%
MassachusettsSuffolkBoston
37%
North CarolinaWakeRaleigh
37%
MichiganInghamLansing
33%
PennsylvaniaDauphinHarrisburg
30%
West VirginiaKanawhaCharleston
30%
MaineKennebecAugusta
30%
NebraskaLancasterLincoln
30%
WyomingLaramieCheyenne
30%
South CarolinaRichlandColumbia
30%
WashingtonThurstonOlympia
30%
North DakotaBurleighBismarck
26%
MissouriColeJefferson City
26%
MississippiHindsJackson
26%
MontanaLewis and ClarkHelena
26%
New JerseyMercerTrenton
26%
ArkansasPulaskiLittle Rock
26%
South DakotaHughesPierre
22%
New HampshireMerrimackConcord
22%
IllinoisSangamonSpringfield
22%
KansasShawneeTopeka
22%

Score Distribution

Percentile by Number Answered

Percent of People with Each Score

Your Score History

You have not taken this quiz